The atlas of states : global change 1900-2000

Αποθηκεύτηκε σε:
Λεπτομέρειες βιβλιογραφικής εγγραφής
Κύριος συγγραφέας: Christopher, A. J.
Μορφή: Βιβλίο
Γλώσσα:English
Δημοσίευση: Chichester : John Wiley & Sons, 1999
Θέματα:
Ετικέτες: Προσθήκη ετικέτας
Δεν υπάρχουν, Καταχωρήστε ετικέτα πρώτοι!

MARC

LEADER 00000nam a2200000 i 4500
001 1/93942
008 080916s1999 eng d
020 |a 0-471-98613-5 
035 |l 10100184 
040 |a GR-MY-UA  |b gre  |e aacr 
041 0 |a eng 
082 0 |a 912  |2 (22) 
100 1 |a Christopher, A. J. 
245 1 4 |a The atlas of states :  |b global change 1900-2000 /  |c A.J. Christopher 
260 |a Chichester :   |b John Wiley & Sons,   |c 1999 
300 |a xi, 274 σ.;  |b εικ.;  |c 27 εκ. 
504 |a Περιέχει βιβλιογραφικές παραπομπές και ευρετήριο 
650 0 0 |a Atlases. 
650 0 0 |a Boundaries  |x History  |y 20th century  |x Maps. 
852 |a INST  |b LESVOS  |e 20080916  |h 912 CHR  |p 005100043098  |q 005100043098  |t BK  |y 0 
901 |a BIBL1-2008-3 
909 |a Λ  |b 151436 
922 |a 1ΕΛΗ  |b 200803  |c ΕΠΕΑΕΚ2/ΤΓ  |d ΠΑΠΑΣΩΤΗΡΙΟΥ 
970 |a ΚΑΡΑ  |b ΓΙΑΣΕΜΗ  |z 2008/09/16